| Tag |
First Indicator |
Second Indicator |
Subfields |
| LEADER |
00000cam a2200000Ia 4500 |
| 001 |
in00002103913 |
| 005 |
20151103054705.0 |
| 008 |
041012s2003 nyua 000 c eng d |
| 020 |
|
|
|a 0785110704 :
|c $24.99
|
| 035 |
|
|
|a (OCoLC)ocm56716039
|
| 040 |
|
|
|a OCO
|c OCO
|d PRC
|d OCLCQ
|d OCL
|d BAKER
|d TXA
|d UtOrBLW
|
| 043 |
|
|
|a e-uk-en
|
| 049 |
|
|
|a TXAM
|
| 090 |
|
|
|a PN6737.G3
|b M37 2004
|
| 092 |
|
|
|a 741.5
|b G141m
|
| 100 |
1 |
|
|a Gaiman, Neil.
|
| 245 |
1 |
0 |
|a Marvel 1602 /
|c Neil Gaiman, writer ; Andy Kubert, illustrator ; Richard Isanove, digital painting ; Todd Klein, lettering.
|
| 246 |
1 |
8 |
|a 1602
|
| 264 |
|
1 |
|a New York :
|b Marvel Comics,
|c 2004.
|
| 300 |
|
|
|a 1 volume (unpaged) :
|b color illustrations ;
|c 29 cm.
|
| 336 |
|
|
|a text
|b txt
|2 rdacontent
|
| 337 |
|
|
|a unmediated
|b n
|2 rdamedia
|
| 338 |
|
|
|a volume
|b nc
|2 rdacarrier
|
| 500 |
|
|
|a Contains material originally published in magazine form as Marvel 1602 #1-8.
|
| 500 |
|
|
|a Cushing Library/SCIF copy is signed by Neil Gaiman.
|
| 650 |
|
0 |
|a Graphic novels.
|
| 651 |
|
0 |
|a London (England)
|v Comic books, strips, etc.
|
| 650 |
|
0 |
|a Armageddon
|v Comic books, strips, etc.
|
| 700 |
1 |
|
|a Kubert, Andy.
|
| 994 |
|
|
|a C0
|b TXA
|
| 948 |
|
|
|a cataloged
|b h
|c 2006/3/23
|d c
|e tmweaver
|f 11:23:19 am
|
| 999 |
|
|
|a MARS
|
| 999 |
f |
f |
|s 5988bc11-2368-30ff-80ec-142e6e8d9b07
|i 29aeb7d2-6636-339f-ae40-0b8f814d61de
|t 0
|
| 952 |
f |
f |
|p noncirc
|a Texas A&M University
|b College Station
|c Cushing Memorial Library & Archives
|d Cushing: Science Fiction (Does not check out)
|t 0
|e PN6737.G3 M37 2004
|h Library of Congress classification
|i unmediated -- volume
|
| 998 |
f |
f |
|a PN6737.G3 M37 2004
|t 0
|l Cushing: Science Fiction (Does not check out)
|